| 000 | 00510nam a22001937a 4500 | ||
|---|---|---|---|
| 003 | MPLRDC | ||
| 005 | 20220104145827.0 | ||
| 008 | 210129b ||||| |||| 00| 0 eng d | ||
| 020 | _a962-17-1559-8 | ||
| 082 | _a861.57 JBBN c.2 | ||
| 100 | _aBANANA YOSHIMOTO 吉本芭娜娜 | ||
| 245 |
_a蜥蜴 _c |
||
| 250 | _a一版一刷 | ||
| 260 |
_a _b时报文化出版企业股份有限公司 _c1996 |
||
| 300 | _b平 | ||
| 490 | _a蓝小说. 801 | ||
| 650 | _a日本现代小说 | ||
| 942 |
_cBK _o861.57 JBBN c.2 |
||
| 999 |
_c51540 _d51530 |
||